Navigačné satelitné systémy v cestovnom ruchu a ich aplikácia v praxi bakalárska práca

Salvato in:
Dettagli Bibliografici
Autore principale: Méri, Jakub
Ente Autore: Fakulta hospodárskej informatiky EU. Katedra aplikovanej informatiky
Altri autori: Sojka, Pavol, 1978-
Natura: Libro
Lingua:slovacco
Pubblicazione: Bratislava 2018
Tags: Aggiungi Tag
Nessun Tag, puoi essere il primo ad aggiungerne!!

MARC

LEADER 00000nbm a2200000 4500
001 0245344
005 20181015110535.4
041 0 |a slo 
044 |a SK 
245 1 0 |a Navigačné satelitné systémy v cestovnom ruchu a ich aplikácia v praxi  |b bakalárska práca  |c Jakub Méri ; školiteľ: Pavol Sojka 
264 1 |a Bratislava  |c 2018 
300 |a 45 s. 
100 1 |a Méri, Jakub 
700 1 |a Sojka, Pavol, 1978- 
710 2 |a Fakulta hospodárskej informatiky EU. Katedra aplikovanej informatiky